000 00249nam a2200097Ia 4500
082 _aJ 508 DAVI
245 0 _aAwesome nature
100 _a M.I. Davids Cape Town, 2009
_992160
942 _cBK
008 210817s9999 xx 000 0 und d
999 _c374912
_d374911